The anchor Bible : (Record no. 5395)
[ view plain ]
| 000 -LEADER | |
|---|---|
| fixed length control field | 00913nam a22002297a 4500 |
| 003 - CONTROL NUMBER IDENTIFIER | |
| control field | AUA.1 |
| 005 - DATE AND TIME OF LATEST TRANSACTION | |
| control field | 20150226130956.0 |
| 008 - FIXED-LENGTH DATA ELEMENTS--GENERAL INFORMATION | |
| fixed length control field | 120111t xxu||||| |||| 00| 0 eng d |
| 010 ## - LIBRARY OF CONGRESS CONTROL NUMBER | |
| LC control number | 2007939224 |
| 022 ## - INTERNATIONAL STANDARD SERIAL NUMBER | |
| International Standard Serial Number | 9780300140446 |
| 040 ## - CATALOGING SOURCE | |
| Transcribing agency | JTL |
| 050 ## - LIBRARY OF CONGRESS CALL NUMBER | |
| Classification number | BS 2341.2 |
| Item number | .A53 2008 |
| 100 ## - MAIN ENTRY--PERSONAL NAME | |
| Personal name | Fitzmyer, Joseph A. |
| 9 (RLIN) | 18615 |
| 245 ## - TITLE STATEMENT | |
| Title | The anchor Bible : |
| Remainder of title | first Corinthians / |
| Statement of responsibility, etc | Joseph A. Fitzmyer. |
| 260 ## - PUBLICATION, DISTRIBUTION, ETC. (IMPRINT) | |
| Place of publication, distribution, etc | New Haven |
| -- | London |
| -- | Doubleday |
| Name of publisher, distributor, etc | Yale University Press, |
| Date of publication, distribution, etc | 2008 |
| 300 ## - PHYSICAL DESCRIPTION | |
| Extent | xxv, 660 p. : |
| Dimensions | 24 cm. |
| 440 ## - SERIES STATEMENT/ADDED ENTRY--TITLE | |
| Title | The anchor Bible : |
| Number of part/section of a work | vol. 32. |
| 9 (RLIN) | 48519 |
| 504 ## - BIBLIOGRAPHY, ETC. NOTE | |
| Bibliography, etc | Notes, Indexes, Bibliographies,comments |
| 650 ## - SUBJECT ADDED ENTRY--TOPICAL TERM | |
| Topical term or geographic name as entry element | The anchor Bible : |
| Form subdivision | First Corinthians |
| 9 (RLIN) | 18616 |
| 942 ## - ADDED ENTRY ELEMENTS (KOHA) | |
| Source of classification or shelving scheme | Library of Congress Classification |
| Koha item type | Reference Book |
| Classification part | BS 2341.2 |
| Item part | .A53 2008 |
| Withdrawn status | Lost status | Source of classification or shelving scheme | Damaged status | Not for loan | Collection code | Home library | Current library | Shelving location | Date acquired | Source of acquisition | Cost, normal purchase price | Serial Enumeration / chronology | Full call number | Barcode | Date last seen | Copy number | Cost, replacement price | Price effective from | Koha item type |
|---|---|---|---|---|---|---|---|---|---|---|---|---|---|---|---|---|---|---|---|
| Library of Congress Classification | Reference Shelves | Judith Thomas Library | Judith Thomas Library | Reference Books | 11/01/2012 | Donation, Biblical Research Institute | 25.00 | AUA006443 | BS 2341.2 .A53 2008 | AUA006443 | 11/01/2012 | v.32 | 25.00 | 11/01/2012 | Reference Book |